• 首页
  • 本馆介绍
  • 公告通知
  • 最新文献
  • 馆藏检索
  • 电子资源
  • 读者导购
  • 参考咨询
  • 我的图书馆
  • 登录
  • 详细信息显示
  • 放入我的书架
  • 预约/预借图书
  • 作者相关作品
  • 分类相关作品
  • 丛书相关作品
  • 出版社相关作品

书目信息

  • 表格格式
  • 工作单格式
  • 卡片格式
题名:
固体中的声场和波
    
 
作者: 奥尔特 著 ;孙承平 译
分册:  
出版信息: 北京   科学出版社  1982.12
页数: 406页
开本: 20cm
丛书名:
单 册:
中图分类: O482.1
科图分类:
主题词: 固体物理学
电子资源:
ISBN:
000 00573nam0 2200205 45
001 0312221749
005 20031222171125.6
010    @dCNY2.00
100    @a20031222d1982 km y0chiy0120 ea
101    @achi
105    @a z 000yy
200 1  @a固体中的声场和波@AGu Ti Zhong De Sheng Chang He Bo@f(美)奥尔特著@F(Mei)Ao Er Te Zhu@g孙承平译
210    @a北京@c科学出版社@d1982.12
215    @a406页@d20cm
606 0  @a固体物理学
690    @aO482.1@v3
701 0  @a奥尔特@4著
702 0  @a孙承平@4译
801    @aCN@bTSTCL@c20031222
905    @a213230@dO482.1@e15@b99524@f1
    
    固体中的声场和波/(美)奥尔特著/孙承平译.-北京:科学出版社,1982.12
    406页;20cm
    
    
    ISBN :CNY2.00
    
●
相关链接 在E读中查询图书 在五车中查询图书 在当当中查询图书 在豆瓣中查询图书


正题名:固体中的声场和波     索取号:O482.1/15         预约/预借

序号 登录号 条形码 馆藏地/架位号 状态 备注
1 0099524   001452920   第三借阅区/ [索取号:O482.1/15] 在馆    
2 0099525   202121248   第二样本阅览室/ [索取号:O482.1/15] 在馆    
唐山师范学院图书馆 欢迎您!
大连网信软件有限公司© 版权所有